000 00632nab a2200193 4500
001 244442
003 OSt
005 20250310105252.0
007 tu
008 200917s2020|||||||
040 _aDE-2950
_cDE-2950
245 0 0 _aAuch die Postbank zieht aus
_bInnenstadt. Im Laufer des Jahres verabschieden sich nicht nur die Postdienstleistungen, sondern auch das Bankunternehmen selbst aus der Hauptpost/
_cSelim Pekel
264 _c2024
653 _aFrankfurt (Oder)
653 _aHauptpost
653 _aSchließung
773 0 _g36. Jahrgang (2025) Nr. 52 vom 03.03.2025, S. 12 mit Foto
_tMärkische Oderzeitung
942 _2z
_cA
999 _c373638
_d373638